Normal view MARC view
  • Import substitution

Entry Topical Term

Number of records used in: 1

001 - CONTROL NUMBER

  • control field: 109786

003 - CONTROL NUMBER IDENTIFIER

  • control field: NUST

005 - DATE AND TIME OF LATEST TRANSACTION

  • control field: 20230306104431.0

008 - FIXED-LENGTH DATA ELEMENTS

  • fixed length control field: 230306|| aca||aabn | a|a d

040 ## - CATALOGING SOURCE

  • Original cataloging agency: NUST
  • Transcribing agency: NUST

150 ## - HEADING--TOPICAL TERM

  • Topical term or geographic name entry element: Import substitution
  • Geographic subdivision: Pakistan

670 ## - SOURCE DATA FOUND

  • Source citation: Work cat.: (NUST)184311: Sial, Muhammad Aslam. 66942, Import subsititution policy and investment in Pakistan /, 1989.
© 2023 Central Library, National University of Sciences and Technology. All Rights Reserved.